|
|
|
|
| LEADER |
01071nam a2200289 u 4500 |
| 001 |
10015938 |
| 003 |
upatras |
| 005 |
20210117204926.0 |
| 008 |
881025s fr fre |
| 020 |
|
|
|a 2726106501
|
| 040 |
|
|
|a GR-PaULI
|c GR-PaULI
|
| 041 |
0 |
|
|a fre
|
| 082 |
0 |
4 |
|a 510
|
| 110 |
|
0 |
|a Institut National de Recherche en Informatique et en Automatique
|9 136582
|
| 245 |
1 |
0 |
|a Analyse discriminante sur variables continues
|c editeur scientifique Gilles Celeux
|
| 260 |
|
|
|a Rocquencourt
|b INRIA
|c [χ.χ.]
|
| 300 |
|
|
|a 188 p.
|c 24 cm
|
| 490 |
0 |
|
|a Collection didactique
|
| 505 |
1 |
|
|a References
|
| 650 |
|
4 |
|a Επιστήμη των υπολογιστών
|x Μαθηματικά
|9 875
|
| 650 |
|
4 |
|a Μαθηματικά
|9 104
|
| 700 |
1 |
|
|a Celeux, Gilles
|9 136583
|
| 760 |
1 |
|
|a Collection didactique
|
| 852 |
|
|
|a GR-PaULI
|b ΠΑΤΡΑ
|b ΜΑΘΗΜΑΤΙΚΟ
|k ΑΣΧΞ
|h 510 C
|m 38207
|t 1
|
| 942 |
|
|
|2 ddc
|c BK15
|
| 952 |
|
|
|0 0
|1 0
|4 0
|6 510_000000000000000_C
|7 0
|9 163250
|a LISP
|b LISP
|d 2016-04-24
|i 38207
|l 0
|o 510 C
|r 2016-04-24 00:00:00
|t 1
|w 2016-04-24
|y BK15
|
| 999 |
|
|
|c 102395
|d 102395
|